Science beginning with A - Statistics

General Stats
  • This quiz has been taken 50 times
  • The average score is 18 of 25
Answer Stats
Hint Answer % Correct
1) Last name of the man who walkedon the moon in 1969 Armstrong
96%
4) The study of space is called Astronomy
94%
9) Atomic symbol for gold Au
94%
11) The rate of electrical discharge Amp
91%
5) A pseudoscience studying zodiacsigns, predicting events, and horoscopes Astrology
91%
7) Common metal, what baseball bats are oftenmade of Aluminum
89%
16) The fundamental building blocks of matter Atom
87%
2) Name for the above moon mission Apollo 11
85%
13) These carry blood away from the heart tothe body Artery
85%
19) The closest major galaxy to ours Andromeda
83%
14) Frogs, salamanders, newts, etc are called Amphibians
81%
3) Noble gas element #18 Argon
81%
18) Those aboard the ISS are called Astronauts
81%
17) Meds used to fight bacteria, often by pills Antibiotic
77%
12) A chain of islands in a group Archipelago
74%
15) Uranus appears to spin on its side due toan extreme tilt at its: Axis
74%
24) This rocky "belt" separates the inner planets fromthe outer planets past Mars Asteroid
70%
6) The study of human physiology is called Anatomy
68%
8) The study of ancient life through artifacts andfossils Archaeology
49%
20) Molecules that combine to form proteins,22 form the genetic code Amino Acids
45%
22) The base side of the PH scale, greater than 7 Alkaline
43%
10) The average distance between the Earthand Sun Astronomical Unit
43%
21) Long fiber portion of a nerve cell Axon
32%
25) Nutrients that protect the body from free radical damage Antioxidant
23%
23) The phase of mitosis/meiosis where chromosomesseparate and move to opposite sides Anaphase
19%
No matching quizzes found
Score Distribution
Percent of People with Each Score
Percentile by Number Answered
Your Score History
You have not taken this quiz